000 00479nam a2200181Ia 4500
001 23648
005 20260414150951.0
008 260414t2010||||xx |||||||||||||| ||spa||
041 _aESP
082 _a681.2
_bZ941
100 _aZhang, Yan (ed.)
_eAUT
245 0 _aRFID and sensor networks :
_barchitectures, protocols, security and integrations
260 _c2010
300 _axix, 626 páginas :
_c24 cm.
650 _aTCA
654 _aCII
942 _cLIB
_dJUS
_fJUS
_2ddc
_n
999 _c23648
_d23648